000 01414cam a2200397Ia 4500
999 _c448
_d448
001 183261401
003 OCoLC
005 20190815085315.0
008 071206t20082007nyua b 001 0beng
020 _a0791098486 (pbk.)
020 _a9780791098486 (pbk.)
035 _a(OCoLC)183261401
040 _aBTCTA
_cBTCTA
_dBAKER
_dSOM
_dNYP
043 _an-us---
049 _aNYPP
082 _a921 DAR
091 _aB
100 1 _aDarraj, Susan Muaddi.
_eauthor
245 1 0 _aJackie Robinson /
_cSusan Muaddi Darraj.
260 _aNew York, N.Y. :
_bCheckmark Books,
_cc2008, c2007.
300 _a122 p. :
_bill. (some col.) ;
_c24 cm.
490 1 _aBaseball superstars.
504 _aIncludes bibliographical references and index.
505 0 _aA difficult summer -- The budding superstar -- From college to the military -- To the big leagues -- Making history -- A public figure -- Advancing the race -- The last game -- Trobling times -- Coming home.
520 _aBiography of Brooklyn Dodger, Jackie Robinson.
600 1 0 _aRobinson, Jackie,
_d1919-1972.
610 2 0 _aBrooklyn Dodgers (Baseball team)
_xHistory.
650 0 _aBaseball players
_zUnited States
_vBiography.
830 0 _aBaseball superstars.
901 _aaew
_bCWE
_cCATBL
901 _aMARS
942 _2ddc
_cNFIC
945 _a.b186314802
946 _am
949 1 _i33333802399291
_lthy0n
_t238
_p$11.95
_sb
_vCATBL/CWE/aew